000 00494nam a22001577a 4500
999 _c7770
_d7768
005 20210325120333.0
008 210325b ||||| |||| 00| 0 eng d
082 _a345.408 23
100 _aMANOHAR AND CHITALEY
_96503
245 _aTHE AIR MANUAL CIVIL AND CRIMINAL NEGOTIABLE INSTRUMENTS ACT [1881] SECTION 138 TO PENAL COAD [1860] SECTION -75 [ VOL-36.
250 _a6TH ED.
260 _aNAGPUR
_bTHE ALL INDIA REPORTER PVT.LTD.
300 _a1480,p
650 _aLAW
_95701
942 _cJRL